| 000 | 00597nam a2200205 i 4500 | ||
|---|---|---|---|
| 001 | 93183 | ||
| 003 | ES-MaACL | ||
| 005 | 20250902063100.0 | ||
| 007 | t| | ||
| 008 | 050408s1910 fr ||||1| fre d | ||
| 100 | 1 |
_aLombroso, Cesare, _d1835-1909 _9242173 |
|
| 245 | 1 | 0 |
_aHypnotisme et spiritisme / _cCesare Lombroso; traduction de Ch. Rossigneux. |
| 260 |
_aParis : _bFlammarion, _c1910. |
||
| 300 |
_a308 p. ; _c18 cm. |
||
| 650 | 0 | 4 |
_aHipnosis. _913363 |
| 650 | 0 | 4 |
_aEspiritismo. _912502 |
| 700 | 1 |
_aRossigneux, Ch. _999896 |
|
| 852 |
_aES-MaACL _jF-6350 |
||
| 999 |
_c93183 _d93183 |
||